| 000 | 00835nam a2200265Ia 4500 | ||
|---|---|---|---|
| 003 | OSt | ||
| 005 | 20220927111650.0 | ||
| 006 | a|||||r|||| 00| 0 | ||
| 007 | ta | ||
| 008 | 220926b |||||||| |||| 00| 0 eng d | ||
| 024 | _a130329 | ||
| 037 | _cReports | ||
| 040 |
_aRTL _cRTL _beng |
||
| 041 |
_2eng _aeng |
||
| 082 | _a"V2,8:(X:93).N94t:g, N6/GD" | ||
| 110 |
_aNational Productivity Council _9364876 |
||
| 245 | 0 | _aReport on determination of minimum salary for the lowest Fuctionaries in central Goverment. | |
| 260 |
_aNew _bDelhi N P C India _c1996 |
||
| 300 |
_a118p _ccm. |
||
| 490 | _a"India, Central Pay Commission (5th), Report" | ||
| 650 | _aBureaucracy India | ||
| 700 |
_aNational Productivity Council _9364877 |
||
| 942 |
_h"V2,8:(X:93).N94t:g, N6/GD" _cCC |
||
| 999 |
_c699386 _d699386 |
||